Burgos CF Squad 2023-2024 - Statistics

General Stats
  • This quiz has been taken 22 times
  • The average score is 17 of 24
Answer Stats
# Position Nation Player % Correct
13 GK Spain José Antonio Caro
100%
16 FW Spain Curro Sánchez
94%
11 FW Spain Álex Sancris
89%
4 DF Colombia Anderson Arroyo
89%
5 MF Spain Miguel Atienza
89%
18 DF Spain Aitor Córdoba
83%
- Coach Spain Bolo
83%
19 FW Spain Edu Espiau
83%
9 FW Spain Fer Niño
83%
12 MF Martinique Kévin Appin
83%
7 FW Spain Dani Ojeda
78%
20 DF Spain Grego Sierra
78%
23 DF Spain José Matos
78%
1 GK France Loïc Badiashile
72%
2 DF Spain Borja González
67%
10 FW Spain Álex Bermejo
61%
24 DF Montenegro Esteban Saveljich
56%
22 MF Spain Mumo Muñoz
50%
6 DF Spain Raúl Navarro
50%
14 DF Spain Unai Elgezabal
50%
27 FW Spain Javi López
44%
21 MF Spain Joni Montiel
44%
8 FW Spain Ander Martín
39%
17 MF Spain Andy Rodríguez
33%
No matching quizzes found
Score Distribution
Percent of People with Each Score
Percentile by Number Answered
Your Score History
You have not taken this quiz